000 00672nam a2200217Ia 4500
001 15418
003 GE_BSU
008 181216s||||||||xx |||||||||||||| ||und||
040 _cGE_BSU
080 _a821.353.1-1
100 _aჩარკვიანი,ჯანსუღ
245 _aლექსები
245 _cრედ.ვ.ჯავახაძე. მხატვ. ზ.ფორჩხიძე
260 _aთბილისი
260 _bსაბჭ. საქართველო
260 _c1964
300 _a78გვ.12სმ.
653 _aგრძელი დერეფანი.
653 _aლექსები
942 _cBK
999 _c48521
_d48521